Statistics for John Keats Bibliography

Click here to take the quiz!

General Stats

  • This quiz has been taken 8 times
  • The average score is 5 of 147

Answer Stats

TypeYearName% Correct
Poem????Ode
88%
Poem1817Endymion: A Poetic Romance
50%
Poem1819Ode on a Grecian Urn
50%
Poem1819To ---
50%
Poem1819The Eve of St. Agnes
38%
Poem1819Lamia
25%
Poem1819Ode to a Nightingale
25%
Poem1816On First Looking into Chapman's Homer
25%
Poem1818Hyperion
13%
Poem1818Isabella, or the Pot of Basil
13%
Poem1819-1820La Belle Dame Sans Merci
13%
Poem1819Ode on Indolence
13%
Poem1819Ode on Melancholy
13%
Poem1819Ode to Psyche
13%
Poem1817On the Sea
13%
Poem1815 or 1816O Solitude! If I Must with Thee Dwell
13%
Poem1814Stay, Ruby Breasted Warbler, Stay
13%
Poem1819To Autumn
13%
Poem1819To Fanny
13%
Poem1816Addressed to Haydon
0%
Poem1816Addressed to the Same
0%
Poem????A Draught of Sunshine
0%
Poem????A Dream, After Reading Dante's Episode of Paolo and Francesca
0%
Poem1817After Dark Vapours Have Oppressed Our Plains
0%
Poem????A Prophecy - To George Keats in America
0%
Poem1814As from the Darkening Gloom a Silver Dome
0%
Poem????Asleep! O Sleep a Little While, White Pearl!
0%
Poem????A Song About Myself
0%
Poem????A Song of Opposites
0%
Poem????Bards of Passion and of Mirth
0%
Poem1817Before He Went to Live with Owls and Bats
0%
Poem1819Bright Star, Would I Were Steadfast as Thou Art
0%
Poem1816Calidore: A Fragment
0%
Poetry Collection1982Complete Poems
0%
Poem????Dedication: To Leigh Hunt, Esq.
0%
Poem????Epistle to John Hamilton Reynolds
0%
Poem????Epistle to My Brother George
0%
Poem????Fancy
0%
Poem1814 | ????Fill for Me a Brimming Bowl
0%
Poem????First Love
0%
Poem????Fragment of an Ode to Maia
0%
Poem1815 or 1816Give Me Women, Wine, and Snuff
0%
Poem1816 or 1817God of the Golden Bowl
0%
Poem1815 or 1816Had I a Man's Fair Form, Then Might My Sighs
0%
Poem1816Hadst Thou Liv'd in Days of Old
0%
Poem1816Happy Is England! I Could Be Content
0%
Poem1817 or 1818Hither, Hither, Love
0%
Poem1816How Many Bards Gild the Lapses of Time
0%
Poem????Hymn to Apollo
0%
Poem1816I Am as Brisk
0%
Poem????If By Dull Rhymes Our English Must Be Chain'd
0%
Poem????I Had a Dove
0%
Poem1814Imitation of Spenser
0%
Poem????In Drear-Nighted December
0%
Poem1816I Stood Tip-Toe upon a Little Hill
0%
Poetry Collection2007John Keats
0%
Poetry Collection1990John Keats: Poetry Manuscripts at Harvard, a Facsimile Edition
0%
Writings Collection2008Keats's Poetry and Prose
0%
Poem1816Keen, Fitful Gusts Are Whisp'ring Here and There
0%
Poem1818Lines on Seeing a Lock of Milton's Hair
0%
Poem????Lines on the Mermaid Tavern
0%
Poem1814 or 1815Lines Written on 29 May, the Anniversary of Charles's Restoration, on Hearing the Bells Ringing
0%
Poem????Meg Merrilies
0%
Poem????Modern Love
0%
Poem????O Blush Not So!
0%
Poem1815O Come, Dearest Emma! The Rose Is Full Blown
0%
Poem1815Ode to Apollo
0%
Poem????Ode to Fanny
0%
Poem1818Ode to May
0%
Poem1817O Grant That Like to Peter I
0%
Poem1815Oh Chatterton! How Very Sad Thy Fate
0%
Poem1816Oh! How I Love, on a Fair Summer's Eve
0%
Poem????On a Dream
0%
Poem????On Death
0%
Poem????On Fame (I)
0%
Poem????On Fame (II)
0%
Poem1816On Leaving Some Friends at an Early Hour
0%
Poem1818On Meg
0%
Poem1814On Peace
0%
Poem1815On Receiving a Curious Shell, and a Copy of Verses, from the Same Ladies
0%
Poem1816 or 1817On Receiving a Laurel Crown from Leigh Hunt
0%
Poem1817On Seeing the Elgin Marbles
0%
Poem1818On Sitting Down to Read King Lear Once Again
0%
Poem1816On the Grasshopper and Cricket
0%
Poem1817On the Story of Rimini
0%
Poem1818On Visiting the Tomb of Burns
0%
Poem1818Read Me a Lesson, Muse
0%
Poem????Robin Hood: To a Friend
0%
Letter Collection2002Selected Letters of John Keats
0%
Poem????Sharing Eve's Apples
0%
Poem1816Sleep and Poetry
0%
Poem1816Specimen of an Induction to a Poem
0%
Poem????Staffa
0%
Poem1818Stanzas
0%
Poem1819The Cap and Bells; or, the Jealousies, a Faery Tale
0%
Writings Collection1899The Complete Poetical Works and Letters of John Keats
0%
Writings Collection1907The Complete Poetical Works of John Keats
0%
Poem????The Day Is Gone, and All Its Sweets Are Gone
0%
Poem1819The Eve of Saint Mark
0%
Poem1819The Fall of Hyperion: A Dream
0%
Poem1817The Gothic Looks Solemn
0%
Poem????The Human Seasons
0%
Letter Collection1958The Letters of John Keats 1814-1821 Volumes 1 and 2
0%
Poetry Collection1978The Poems of John Keats
0%
Poem????The Poet
0%
Poem1817Think Not of It, Sweet One, So
0%
Poem????This Living Hand
0%
Poem1817This Pleasant Tale Is Like a Little Corpse
0%
Poem????To a Cat
0%
Poem1816To a Friend Who Sent Me Some Roses
0%
Poem????To Ailsa Rock
0%
Poem1818To a Lady Seen for a Few Moments at Vauxhall
0%
Poem1816 or 1817To a Young Lady Who Sent Me a Laurel Crown
0%
Poem1816To Charles Cowden Clarke
0%
Poem1816To G.A.W. (Georgiana Augusta Wylie)
0%
Poem1815To George Felton Mathew
0%
Poem????To Haydon
0%
Poem1817To Haydon with a Sonnet Written on Seeing the Elgin Marbles
0%
Poem????To Homer
0%
Poem1815To Hope
0%
Poem1818To John Hamilton Reynolds
0%
Poem1816To Kosciusko
0%
Poem1814To Lord Byron
0%
Poem1816To My Brother George (Epistle)
0%
Poem1816To My Brother George (Sonnet)
0%
Poem1816To My Brothers
0%
Poem1816To One Who Has Been Long in City Pent
0%
Poem????To Sleep
0%
Poem????To Solitude
0%
Poem1815To Some Ladies
0%
Poem1816 or 1817To the Ladies Who Saw Me Crown'd
0%
Poem????To the Nile
0%
Poem1817Unfelt, Unheard, Unseen
0%
Poem1818Welcome Joy...
0%
Poem1818When I Have Fears That I May Cease to Be
0%
Poem????Where Be Ye Going, You Devon Maid?
0%
Poem1818Where's the Poet?
0%
Poem1818Why Did I Laugh Tonight?
0%
Poem1815 or 1816Woman! When I Behold Thee Flippant, Vain
0%
Poem1816Written in Disgust of Vulgar Superstition
0%
Poem1818Written in the Cottage Where Burns Was Born
0%
Poem????Written on a Blank Space
0%
Poem????Written on a Summer Evening
0%
Poem1815Written on the Day that Mr. Leigh Hunt Left Prison
0%
Poem????Written Upon the Top of Ben Nevis
0%
Poem1817 or 1818You Say You Love; But with a Voice
0%

Score Distribution

Percentile by Number Answered

Percent of People with Each Score

Your Score History

You have not taken this quiz